Statistics for Call of Duty Zombies Perk-a-Cola Quiz

Click here to take the quiz!

General Stats

  • This quiz has been taken 1,389 times
  • The average score is 8 of 12

Answer Stats

HintAnswer% Correct
As soon as your down, this perk revives you instantly.Quick Revive
98%
Lets you reload faster.Speed Cola
96%
Gives you 50% more health.Juggernog
91%
Allows you to have a 3rd weapon.Mule Kick
89%
Improves your aim by 35% and automatically aim onto the zombies head.Deadshot Daiquiri
83%
Lets you sprint faster.Stamin-Up
83%
When your down a clone of you spawns in that is under your control and is like a normal player.Who's Who
72%
Whilst reloading an electric trap forms that keeps you safe from zombies.Electric Cherry
68%
Increases your Fire Rate.Double Tap Root Beer
52%
This perk lets you detect the pack a punch and mystery box, also the zombies eyes are brighter so it is easier to spot them.Vulture Aid
50%
This perk makes you take no falling or explosive damage, when doing a dolphin dive a mini nuke forms.PHD Flopper
30%
When down, this perk spawns in all the perks and weapons you have lost which then you can get back.Tombstone Soda
30%

Score Distribution

Percentile by Number Answered

Percent of People with Each Score

Your Score History

You have not taken this quiz